| 000 | 00732cam a2200241 a 4500 | ||
|---|---|---|---|
| 001 | 2805257 | ||
| 005 | 20180209035111.0 | ||
| 008 | 820526r1982 nyua b 001 0deng | ||
| 010 | _a 82009337 | ||
| 020 |
_a0030619939 : _c$24.95 |
||
| 040 |
_aDLC _cDLC _dDLC |
||
| 041 | _aeng | ||
| 043 | _ae-uk--- | ||
| 080 | _a942 | ||
| 082 | 0 | 0 |
_a942 HUT _219 |
| 100 | 1 | _a16 | |
| 101 | _aHIS | ||
| 245 | 1 | 0 |
_aDebrett's the stately homes of Britain : _cSibylla Jane Flower ; with photographs by Derry Moore ; foreword by George Howard. |
| 504 | _aBibliography: p. [237]-238. | ||
| 740 | 0 | _aStately homes of Britain. | |
| 906 |
_a7 _bcbc _corignew _d1 _eocip _f19 _gy-gencatlg |
||
| 942 |
_2ddc _cBK |
||
| 999 |
_c42216 _d42216 |
||